000 00350nam a2200133Ia 4500
005 20251111121607.0
050 _aQC 21.2 .A56/
100 _a Alonso, Marcelo
245 _aInstructor's manual and problem solutions to physics
260 _aUSA
_bAddison- Wesley publishing company
_c1970
300 _a447p.
650 _aPhysics
942 _cBK
_2lcc
999 _c31184
_d31184